Greek International Airports - Statistics

General Stats
  • This quiz has been taken 45 times
  • The average score is 9 of 16
Answer Stats
Hint Answer % Correct
ATH Athens / Spata
97%
HER Heraklion
89%
CFU Corfu / Kerkira
86%
RHO Rhodes
83%
SKG Thessaloniki / Mikra
80%
CHQ Chania / Souda
69%
ZTH Zakynthos
66%
KGS Kos
60%
KLX Kalamata
49%
EFL Kefalonia
49%
MJT Mytilene / Lesbos
43%
KVA Kavala / Chrysoupoli
37%
SMI Samos
34%
JSI Skiathos
31%
AXD Alexandroupoli
29%
LXS Lemnos
23%
No matching quizzes found
Score Distribution
Percent of People with Each Score
Percentile by Number Answered
Your Score History
You have not taken this quiz